Netter's photographic anatomy companion / (Record no. 99127)

MARC details
000 -LEADER
fixed length control field 00781nam a22002417a 4500
003 - CONTROL NUMBER IDENTIFIER
control field URS
005 - DATE AND TIME OF LATEST TRANSACTION
control field 20260408105013.0
020 ## - INTERNATIONAL STANDARD BOOK NUMBER
International Standard Book Number 978-0-32382-540-5
040 ## - CATALOGING SOURCE
Transcribing agency URS
Language of cataloging English
Description conventions rda
050 00 - LIBRARY OF CONGRESS CALL NUMBER
Classification number QM602
Item number .L931 2025
100 1# - MAIN ENTRY--PERSONAL NAME
Personal name Loukas, Marios,
Relator term author.
245 10 - TITLE STATEMENT
Title Netter's photographic anatomy companion /
Statement of responsibility, etc Marios Loukas, Shane R. Tubbs.
250 ## - EDITION STATEMENT
Edition statement 1st edition.
264 ## - PUBLICATION, DISTRIBUTION, ETC. (IMPRINT)
Place of publication, distribution, etc Teterboro, N.J. :
Name of publisher, distributor, etc Elsevier
Date of publication, distribution, etc ©2025.
300 ## - PHYSICAL DESCRIPTION
Extent 213 pages :
Other physical details color illustrations ;
Dimensions 28 cm.
336 ## - CONTENT TYPE
Content type term text
Content type code txt
Source rdacontent
337 ## - MEDIA TYPE
Media type term unmediated
Media type code n
Source rdamedia
338 ## - CARRIER TYPE
Carrier type term volume
Carrier type code nc
Source rdacarrier
500 ## - GENERAL NOTE
General note Include index.
655 #7 - INDEX TERM--GENRE/FORM
Genre/form data or focus term Atlases.
Source of term lcgft
Authority record control number https://id.loc.gov/authorities/genreForms/gf2011026058
700 ## - ADDED ENTRY--PERSONAL NAME
Personal name Tubbs, Shane R.,
Relator term author.
9 (RLIN) 6752
942 ## - ADDED ENTRY ELEMENTS (KOHA)
Source of classification or shelving scheme Library of Congress Classification
Koha item type Reserved Books
Holdings
Withdrawn status Lost status Source of classification or shelving scheme Damaged status Not for loan Collection code Home library Current library Shelving location Date acquired Source of acquisition Cost, normal purchase price Total Checkouts Full call number Barcode Date last seen Copy number Cost, replacement price Price effective from Koha item type
    Library of Congress Classification     Non-fiction Taytay College Library Taytay College Library Medicine Collection 03/21/2026 Purchased 4843.00   QM602 .L931 2025 URSTAY-6101 03/21/2026 1 4843.00 03/21/2026 Reserved Books

University of Rizal System
Email us at univlibservices@urs.edu.ph

Visit our Website www.urs.edu.ph/library